00482 2200181 4500001002100000005001500021008004100036020001800077035001900095041000700114082001000121090001600131100001800147245005600165260003200221300003300253650001400286INLIS00000000001098320241224114110241224||||||||| | ||| |||| || |  a979-669-839-0 0010-1224010983 aid0 a155.4 a155.4 RIC r0 aJenny Rickard00aRelaxation for Children (Relaksasi untuk Anak-Anak) aJakartabPT. Grasindoc2000 a23,5x15,5 cm, xii, 186 hlm.; 0aAnak-anak